|
|
|
|
| LEADER |
00000cas a2200000 a 4500 |
| 001 |
vtls001434693 |
| 003 |
SK-MaSNL |
| 005 |
20260228160656.0 |
| 008 |
210928d19741986xr ar p 0 0 0cze c |
| 035 |
|
|
|a SNK000389773
|
| 040 |
|
|
|a SNK
|b slo
|c SNK
|e AACR2
|
| 041 |
0 |
|
|a cze
|
| 044 |
|
|
|a xr
|c CZ
|
| 072 |
|
7 |
|a 930.85
|x Dejiny civilizácie. Kultúrne dejiny
|2 konspekt
|
| 072 |
|
7 |
|a 902
|x Archeológia
|2 konspekt
|
| 080 |
|
|
|a 930.85(37/38)
|2 2011
|
| 080 |
|
|
|a 902
|2 2011
|
| 080 |
|
|
|a 050
|2 2011
|
| 080 |
|
|
|a (051)
|2 2011
|
| 245 |
0 |
0 |
|a Čtení o antice
|
| 260 |
|
|
|a Praha
|b Svoboda
|c 1974-1986
|
| 300 |
|
|
|a zv.
|c CZ
|
| 362 |
0 |
|
|a Sv. 1 (1974)-r. 1985/1986
|
| 490 |
1 |
|
|a Antická knihovna. Prémie
|
| 650 |
0 |
7 |
|a antika
|2 SNKPH
|9 18862
|
| 650 |
0 |
7 |
|a archeológia
|2 SNKPH
|9 4974
|
| 655 |
|
7 |
|a časopisy
|2 SNKPH
|9 76610
|
| 910 |
|
|
|a snk
|
| 958 |
|
|
|a OND
|
| 999 |
|
|
|c 3328
|d 5258
|
| 952 |
|
|
|0 0
|1 1
|4 0
|7 0
|a SNK
|b SNK
|d 2002-05-23
|l 0
|o snkČB 4097/1/1974
|p 17A0344346
|r 2005-01-02 00:00:00
|t č. 1
|w 2026-02-21
|y PREZ
|
| 952 |
|
|
|0 0
|1 1
|4 0
|7 0
|a SNK
|b SNK
|d 2002-05-23
|l 0
|o snkČB 4097/2/1975
|p 17A0341574
|r 2005-01-02 00:00:00
|t č. 2
|w 2026-02-21
|y PREZ
|